000 01007nam a2200289 4500
001 177254
003 ES-MaACL
005 20230907105238.0
008 110310s2009 sp ado |||| | spa d
017 _aNA 1113-2009
020 _a9788447031696
080 _a355.7(468.2)
080 _a355.43(468.2)
080 _a341.223(468.2)
100 1 _aLiberal Fernández, Ángel.
_9145546
245 1 0 _aGibraltar, base militar
_b: el interés anglo-americano por el Peñón /
_cÁngel Liberal Fernández ; prólogo, Fernando Olivié.
250 _a1ª ed.
260 _a[Madrid] :
_bCivitas,
_c2009.
300 _a409 p. :
_bil. col., mapa, fot. ;
_c25 cm.
650 7 _aBases militares-
_zGibraltar.
_9145547
651 7 _aGibraltar-
_xAspectos estratégicos.
_9145549
651 7 _aGibraltar-
_xEstatuto internacional.
_9145548
852 _aES-MaACL
_9 184071
_bR. 145424
_jA-11019
_dOlim: N-4024
_cDEPO1
942 _2udc
_cMONOGRAFIA
999 _c177254
_d177254